Top 25 Greatest TV Series - Statistics

General Stats
  • This quiz has been taken 80 times
  • The average score is 5 of 25
Answer Stats
# Hint Answer % Correct
1 9.5 Breaking Bad
80%
7 9.2 Game of Thrones
68%
8 9.2 The Sopranos
55%
13 9.0 Better Call Saul
45%
4 9.3 The Wire
41%
16 9.0 Dexter: Resurrection
33%
23 8.9 Seinfeld
29%
12 9.0 The Office
29%
3 9.3 Chernobyl
28%
9 9.1 Attack on Titan
17%
2 9.4 Band of Brothers
16%
14 9.0 One Piece
13%
17 9.0 Sherlock
10%
25 8.9 Death Note
9%
5 9.3 Avatar: The Last Airbender
7%
11 9.1 Fullmetal Alchemist: Brotherhood
7%
22 8.9 The Pitt
6%
19 9.0 Hunter X Hunter
4%
15 9.0 Rick & Morty
4%
18 9.0 Arcane
3%
20 9.0 Batman: The Animated Series
3%
21 9.0 Bleach
3%
24 8.9 Frieren: Beyond Journey's End
3%
6 9.3 Bluey
1%
10 9.1 The Chosen
0%
No matching quizzes found
Score Distribution
Percent of People with Each Score
Percentile by Number Answered
Your Score History
You have not taken this quiz